000 02137cac a22003371u 4500
008 090423t xxu||||| |||| 00| 0 eng d
010 _a 2005297860
020 _a0132074745
020 _a9780132074742
028 _bwww.loc.gov.
035 _a(OCoLC)ocm57374488
082 _a624.18
_bWIG
100 _aWight, James K.
_94163
245 1 0 _aReinforced Concrete :
_bMechanics and Design /
_cJames K. Wight & James G. MacGregor
250 _a5th ed.
_bPearson International Edition
260 _aUpper Saddle River, N.J. :
_bPrentice Hall,
_c2009
300 _a1128 p. :
_bill. ;
_c26 cm.
504 _aIncludes bibliographical references and index.
650 0 _aReinforced concrete construction.
_94164
650 0 _aReinforced concrete.
_94165
700 _aMacGregor, James G.
_99297
942 _cBB
_k624.18WIG
_2ddc
999 _c11410
_d11410